000 00401nam a2200145Ia 4500
003 LK-CoDNM
008 010623t1969 xxu||||| |||| 00| 1 eng d
040 _aLK-CoDNM
_dLK-CoDNM
_eLK-CoDNM
041 _aeng
080 _a39
_bTHE
245 _aThe Department of Sociology and Anthropology of State University of New York at Albany Presents
260 _b
_c1969
300 _b21p, 21 cm
942 _cBK
999 _c107838
_d107838